[Event "Dutch Internet Championship Final"]
[Site "playchess.com #038132"]
[Date "2011.06.18"]
[Round "4.2"]
[White "kingloek"]
[Black "Jan Smeets"]
[Result "1-0"]
[WhiteElo "2865"]
[BlackElo "2815"]
[PlyCount "65"]
[EventDate "2011.06.18"]
[EventType "match (blitz)"]
[TimeControl "180+3"]

1. d4 {[%emt 0:00:01]} d5 {[%emt 0:00:01]} 2. c4 {[%emt 0:00:01]} c6 {[%emt 0:
00:00]} 3. Nf3 {[%emt 0:00:01]} Nf6 {[%emt 0:00:01]} 4. Nc3 {[%emt 0:00:01]} e6
{[%emt 0:00:01]} 5. Bg5 {[%emt 0:00:03]} Nbd7 {[%emt 0:00:01]} 6. cxd5 {[%emt
0:00:03]} exd5 {[%emt 0:00:02]} 7. e3 {[%emt 0:00:04]} Be7 {[%emt 0:00:04]} 8.
Qc2 {[%emt 0:00:01]} Nh5 {[%emt 0:00:08]} 9. Bxe7 {[%emt 0:00:03]} Qxe7 {[%emt
0:00:00]} 10. O-O-O {[%emt 0:00:01]} Nhf6 {[%emt 0:00:17]} 11. Bd3 {[%emt 0:00:
05]} a5 {[%emt 0:00:22]} 12. Kb1 {[%emt 0:00:03]} Nb6 {[%emt 0:00:09]} 13. h3 {
[%emt 0:00:12]} O-O {[%emt 0:00:16]} 14. g4 {[%emt 0:00:04]} Re8 {[%emt 0:00:
05]} 15. Ne5 {[%emt 0:00:06]} g6 {[%emt 0:00:16]} 16. f4 {[%emt 0:00:04]} Nfd7
{[%emt 0:00:30]} 17. Rhe1 {[%emt 0:00:07]} Qh4 {[%emt 0:00:09]} 18. Qg2 {[%emt
0:00:16]} a4 {[%emt 0:00:10]} 19. Nf3 {[%emt 0:00:10]} Qe7 {[%emt 0:00:02]} 20.
e4 {[%emt 0:00:06]} dxe4 {[%emt 0:00:03]} 21. Nxe4 {[%emt 0:00:15]} Qf8 {[%emt
0:00:23]} 22. a3 {[%emt 0:00:28]} Nd5 {[%emt 0:00:03]} 23. Qd2 {[%emt 0:00:05]}
b5 {[%emt 0:00:02]} 24. Ne5 {[%emt 0:00:06]} b4 {[%emt 0:00:19]} 25. axb4 {
[%emt 0:00:10]} a3 {[%emt 0:00:03]} 26. Bc4 {[%emt 0:00:29]} N7b6 {[%emt 0:00:
36]} 27. b3 {[%emt 0:00:38] .} a2+ {[%emt 0:00:14]} 28. Ka1 {[%emt 0:00:06]}
Ba6 {[%emt 0:00:01]} 29. Rc1 {[%emt 0:00:11]} Ra7 {[%emt 0:00:04]} 30. f5 {
[%emt 0:00:04]} Nxb4 {[%emt 0:00:07]} 31. Nf6+ {[%emt 0:00:05]} Kh8 {[%emt 0:
00:01]} 32. Nxf7+ {[%emt 0:00:09]} Rxf7 {[%emt 0:00:02]} 33. Rxe8 {[%emt 0:00:
01] Jan Smeets resigns  (Lag: Av=0.67s, max=1.1s)} 1-0

[Event "Dutch Internet Championship Final"]
[Site "playchess.com #038132"]
[Date "2011.06.18"]
[Round "4.3"]
[White "Jan Smeets"]
[Black "kingloek"]
[Result "0-1"]
[WhiteElo "2800"]
[BlackElo "2879"]
[PlyCount "88"]
[EventDate "2011.06.18"]
[EventType "match (blitz)"]
[TimeControl "180+3"]

1. e4 {[%emt 0:00:01]} c5 {[%emt 0:00:01]} 2. Nf3 {[%emt 0:00:02]} e6 {[%emt 0:
00:01]} 3. d4 {[%emt 0:00:00]} cxd4 {[%emt 0:00:01]} 4. Nxd4 {[%emt 0:00:00]}
Nf6 {[%emt 0:00:01]} 5. Nc3 {[%emt 0:00:00]} d6 {[%emt 0:00:01]} 6. g4 {[%emt
0:00:01]} h6 {[%emt 0:00:01]} 7. h4 {[%emt 0:00:06]} Nc6 {[%emt 0:00:03]} 8.
Rg1 {[%emt 0:00:10]} h5 {[%emt 0:00:01]} 9. gxh5 {[%emt 0:00:04]} Nxh5 {[%emt
0:00:01]} 10. Bg5 {[%emt 0:00:07]} Nf6 {[%emt 0:00:04]} 11. Qd2 {[%emt 0:00:11]
} a6 {[%emt 0:00:09]} 12. O-O-O {[%emt 0:00:08]} Bd7 {[%emt 0:00:02]} 13. Be2 {
[%emt 0:00:22]} Qb6 {[%emt 0:00:18]} 14. Nb3 {[%emt 0:00:01]} Rc8 {[%emt 0:00:
11]} 15. f4 {[%emt 0:00:10]} Qc7 {[%emt 0:00:10]} 16. h5 {[%emt 0:00:23]} Be7 {
[%emt 0:00:09]} 17. Kb1 {[%emt 0:00:15]} b5 {[%emt 0:00:03]} 18. Bf3 {[%emt 0:
00:30]} b4 {[%emt 0:00:41]} 19. Ne2 {[%emt 0:00:02]} e5 {[%emt 0:00:06]} 20.
Ng3 {[%emt 0:00:35]} exf4 {[%emt 0:00:13]} 21. Bxf4 {[%emt 0:00:14]} Ne5 {
[%emt 0:00:02]} 22. Bxe5 {[%emt 0:00:07]} dxe5 {[%emt 0:00:02]} 23. Nf5 {[%emt
0:00:00]} Bxf5 {[%emt 0:00:15]} 24. exf5 {[%emt 0:00:00]} Kf8 {[%emt 0:00:18]}
25. Qg2 {[%emt 0:00:14]} Rh7 {[%emt 0:00:07]} 26. h6 {[%emt 0:00:22]} gxh6 {
[%emt 0:00:04]} 27. Bb7 {[%emt 0:00:01]} Rd8 {[%emt 0:00:16] '} 28. Rxd8+ {
[%emt 0:00:02]} Qxd8 {[%emt 0:00:09]} 29. Bxa6 {[%emt 0:00:00]} h5 {[%emt 0:00:
01]} 30. Qe2 {[%emt 0:00:12]} Qc7 {[%emt 0:00:33]} 31. Rh1 {[%emt 0:00:05]} h4
{[%emt 0:00:01]} 32. Bd3 {[%emt 0:00:03]} Qc6 {[%emt 0:00:05]} 33. Re1 {[%emt
0:00:02]} e4 {[%emt 0:00:04]} 34. Bb5 {[%emt 0:00:01]} Qd5 {[%emt 0:00:05]} 35.
Bc4 {[%emt 0:00:02]} Qe5 {[%emt 0:00:02]} 36. Nd2 {[%emt 0:00:04]} h3 {[%emt 0:
00:01]} 37. Rh1 {[%emt 0:00:04]} h2 {[%emt 0:00:05]} 38. Nf3 {[%emt 0:00:02]}
Qc5 {[%emt 0:00:02]} 39. Nd2 {[%emt 0:00:05]} Qg1+ {[%emt 0:00:07]} 40. Qf1 {
[%emt 0:00:03]} Qxf1+ {[%emt 0:00:02]} 41. Nxf1 {[%emt 0:00:05]} Bd6 {[%emt 0:
00:03]} 42. a4 {[%emt 0:00:02]} bxa3 {[%emt 0:00:02]} 43. bxa3 {[%emt 0:00:00]}
Ng4 {[%emt 0:00:01]} 44. Nxh2 {[%emt 0:00:04]} Rxh2 {[%emt 0:00:02] Jan Smeets
resigns  (Lag: Av=0.58s, max=2.4s)} 0-1

[Event "Dutch Internet Championship Final"]
[Site "playchess.com #038132"]
[Date "2011.06.18"]
[Round "4.4"]
[White "kingloek"]
[Black "Jan Smeets"]
[Result "0-1"]
[WhiteElo "2893"]
[BlackElo "2787"]
[PlyCount "68"]
[EventDate "2011.06.18"]
[EventType "match (blitz)"]
[TimeControl "180+3"]

1. d4 {[%emt 0:00:00]} d5 {[%emt 0:00:02]} 2. c4 {[%emt 0:00:01]} c6 {[%emt 0:
00:00]} 3. Nf3 {[%emt 0:00:02]} Nf6 {[%emt 0:00:01]} 4. Nc3 {[%emt 0:00:01]} a6
{[%emt 0:00:02]} 5. a4 {[%emt 0:00:04]} dxc4 {[%emt 0:00:03]} 6. a5 {[%emt 0:
00:16]} e6 {[%emt 0:00:05]} 7. e3 {[%emt 0:00:03]} c5 {[%emt 0:00:01]} 8. Bxc4
{[%emt 0:00:05]} Nc6 {[%emt 0:00:08]} 9. d5 {[%emt 0:00:27]} Nxa5 {[%emt 0:00:
23]} 10. Qa4+ {[%emt 0:00:04]} b5 {[%emt 0:00:01]} 11. Nxb5 {[%emt 0:00:43]}
axb5 {[%emt 0:00:05]} 12. Bxb5+ {[%emt 0:00:02]} Bd7 {[%emt 0:00:28]} 13. dxe6
{[%emt 0:00:02]} fxe6 {[%emt 0:00:33]} 14. Bd2 {[%emt 0:00:13]} Bd6 {[%emt 0:
00:47]} 15. Bxa5 {[%emt 0:00:11]} Bc7 {[%emt 0:00:04]} 16. Bxd7+ {[%emt 0:01:
05] .} Nxd7 {[%emt 0:00:32]} 17. O-O {[%emt 0:00:02]} Rxa5 {[%emt 0:00:02]} 18.
Qc6 {[%emt 0:00:08]} Ke7 {[%emt 0:00:29]} 19. Rad1 {[%emt 0:00:17]} Qc8 {[%emt
0:00:05]} 20. Ng5 {[%emt 0:00:08]} Nf6 {[%emt 0:00:01]} 21. g3 {[%emt 0:00:05]}
Ra6 {[%emt 0:00:03]} 22. Qb5 {[%emt 0:00:02]} h6 {[%emt 0:00:03]} 23. Nf3 {
[%emt 0:00:02]} Bd6 {[%emt 0:00:01]} 24. Nh4 {[%emt 0:00:03]} Kf7 {[%emt 0:00:
03]} 25. Qd3 {[%emt 0:00:02]} Rd8 {[%emt 0:00:06]} 26. Qc4 {[%emt 0:00:03]} Be7
{[%emt 0:00:04]} 27. Nf5 {[%emt 0:00:02]} Rxd1 {[%emt 0:00:02]} 28. Rxd1 {
[%emt 0:00:01]} Rc6 {[%emt 0:00:01]} 29. b3 {[%emt 0:00:07]} Bf8 {[%emt 0:00:
01]} 30. e4 {[%emt 0:00:02]} Kg8 {[%emt 0:00:01]} 31. e5 {[%emt 0:00:01]} Nd5 {
[%emt 0:00:03]} 32. f4 {[%emt 0:00:05]} Rb6 {[%emt 0:00:04]} 33. Rxd5 {[%emt 0:
00:09]} exd5 {[%emt 0:00:01]} 34. Qxd5+ {[%emt 0:00:01]} Qe6 {[%emt 0:00:00]
kingloek resigns  (Lag: Av=1.07s, max=5.9s)} 0-1

[Event "Dutch Internet Championship Final"]
[Site "playchess.com #038132"]
[Date "2011.06.18"]
[Round "4.5"]
[White "Jan Smeets"]
[Black "kingloek"]
[Result "0-1"]
[WhiteElo "2809"]
[BlackElo "2871"]
[PlyCount "66"]
[EventDate "2011.06.18"]
[EventType "match (blitz)"]
[TimeControl "180+3"]

1. e4 {[%emt 0:00:03]} c5 {[%emt 0:00:01]} 2. Nf3 {[%emt 0:00:00]} d6 {[%emt 0:
00:01]} 3. d4 {[%emt 0:00:00]} cxd4 {[%emt 0:00:01]} 4. Nxd4 {[%emt 0:00:00]}
Nf6 {[%emt 0:00:01]} 5. Nc3 {[%emt 0:00:00]} a6 {[%emt 0:00:01]} 6. Be3 {[%emt
0:00:02]} e5 {[%emt 0:00:02]} 7. Nf3 {[%emt 0:00:02]} Be7 {[%emt 0:00:02]} 8.
Bc4 {[%emt 0:00:02]} O-O {[%emt 0:00:01]} 9. a4 {[%emt 0:00:07]} Nc6 {[%emt 0:
00:03]} 10. O-O {[%emt 0:00:09]} Na5 {[%emt 0:00:04]} 11. Ba2 {[%emt 0:00:05]}
Be6 {[%emt 0:00:03]} 12. Qd3 {[%emt 0:00:10]} Rc8 {[%emt 0:00:06]} 13. Bxe6 {
[%emt 0:00:29]} fxe6 {[%emt 0:00:02]} 14. Rad1 {[%emt 0:00:00]} Qc7 {[%emt 0:
00:53]} 15. Bc1 {[%emt 0:00:17]} h6 {[%emt 0:00:09]} 16. Qe2 {[%emt 0:00:13]}
Qc4 {[%emt 0:00:05]} 17. Rd3 {[%emt 0:00:03]} b5 {[%emt 0:00:06]} 18. axb5 {
[%emt 0:00:07]} axb5 {[%emt 0:00:02]} 19. b3 {[%emt 0:00:25]} Qc5 {[%emt 0:00:
05]} 20. Ne1 {[%emt 0:00:37]} Nc6 {[%emt 0:00:07]} 21. Be3 {[%emt 0:00:09]} Nd4
{[%emt 0:00:10]} 22. Qd2 {[%emt 0:00:06]} b4 {[%emt 0:00:08]} 23. Na4 {[%emt 0:
00:17]} Nxe4 {[%emt 0:00:07]} 24. Nxc5 {[%emt 0:00:05]} Nxd2 {[%emt 0:00:01]}
25. Nxe6 {[%emt 0:00:19]} Nxf1 {[%emt 0:00:12]} 26. Nxf8 {[%emt 0:00:08]} Nxe3
{[%emt 0:00:08]} 27. fxe3 {[%emt 0:00:01]} Nxc2 {[%emt 0:00:02]} 28. Nxc2 {
[%emt 0:00:01]} Rxc2 {[%emt 0:00:02]} 29. Ng6 {[%emt 0:00:00]} Kf7 {[%emt 0:00:
04]} 30. Nxe7 {[%emt 0:00:10]} Kxe7 {[%emt 0:00:01]} 31. Kf1 {[%emt 0:00:03]}
Rc3 {[%emt 0:00:05]} 32. Rxc3 {[%emt 0:00:07]} bxc3 {[%emt 0:00:02]} 33. Ke2 {
[%emt 0:00:00]} d5 {[%emt 0:00:01] Jan Smeets resigns  (Lag: Av=0.56s, max=1.
3s)} 0-1

[Event "Dutch Internet Championship Final"]
[Site "playchess.com #038132"]
[Date "2011.06.18"]
[Round "4.6"]
[White "kingloek"]
[Black "Jan Smeets"]
[Result "0-1"]
[WhiteElo "2885"]
[BlackElo "2795"]
[PlyCount "98"]
[EventDate "2011.06.18"]
[EventType "match (blitz)"]
[TimeControl "180+3"]

1. d4 {[%emt 0:00:01]} d5 {[%emt 0:00:01]} 2. c4 {[%emt 0:00:01]} c6 {[%emt 0:
00:00]} 3. Nf3 {[%emt 0:00:01]} Nf6 {[%emt 0:00:00]} 4. Nc3 {[%emt 0:00:01]} a6
{[%emt 0:00:00]} 5. a4 {[%emt 0:00:02]} dxc4 {[%emt 0:00:01]} 6. g3 {[%emt 0:
00:14]} e6 {[%emt 0:00:09]} 7. Bg5 {[%emt 0:00:02]} c5 {[%emt 0:00:10]} 8. Bxf6
{[%emt 0:00:16]} Qxf6 {[%emt 0:00:10]} 9. d5 {[%emt 0:00:01]} Nd7 {[%emt 0:00:
22]} 10. Bg2 {[%emt 0:00:04]} Rb8 {[%emt 0:00:04]} 11. O-O {[%emt 0:00:28]} e5
{[%emt 0:00:18]} 12. a5 {[%emt 0:00:06]} Qd8 {[%emt 0:00:15]} 13. Qa4 {[%emt 0:
00:17]} b5 {[%emt 0:00:08]} 14. axb6 {[%emt 0:00:02]} Rxb6 {[%emt 0:00:00]} 15.
Qc2 {[%emt 0:00:22]} Be7 {[%emt 0:00:35]} 16. Nd2 {[%emt 0:00:04]} Rb4 {[%emt
0:00:01]} 17. Rfd1 {[%emt 0:00:29]} O-O {[%emt 0:00:13]} 18. Nce4 {[%emt 0:00:
07]} f5 {[%emt 0:00:12]} 19. d6 {[%emt 0:00:01]} fxe4 {[%emt 0:00:08]} 20. dxe7
{[%emt 0:00:02]} Qxe7 {[%emt 0:00:00]} 21. Nxe4 {[%emt 0:00:05]} Nf6 {[%emt 0:
00:03]} 22. Nd6 {[%emt 0:00:09]} Bg4 {[%emt 0:00:36]} 23. Rxa6 {[%emt 0:00:17]}
Rfb8 {[%emt 0:00:02]} 24. Nxc4 {[%emt 0:00:09]} Be6 {[%emt 0:00:07]} 25. Nxe5 {
[%emt 0:00:08]} Bb3 {[%emt 0:00:01]} 26. Nc6 {[%emt 0:00:12]} Bxc2 {[%emt 0:00:
09]} 27. Nxe7+ {[%emt 0:00:02]} Kf7 {[%emt 0:00:16]} 28. Rc1 {[%emt 0:00:03]}
Rxb2 {[%emt 0:00:01]} 29. Nc6 {[%emt 0:00:02]} Rb1 {[%emt 0:00:01]} 30. Ra1 {
[%emt 0:00:01]} Rxa1 {[%emt 0:00:02]} 31. Rxa1 {[%emt 0:00:01]} Rb2 {[%emt 0:
00:12]} 32. Rc1 {[%emt 0:00:22] .} Ke6 {[%emt 0:00:10]} 33. Na5 {[%emt 0:00:03]
} Ra2 {[%emt 0:00:04]} 34. Nc4 {[%emt 0:00:05]} Bb3 {[%emt 0:00:04]} 35. e3 {
[%emt 0:00:09]} Bxc4 {[%emt 0:00:07]} 36. Rxc4 {[%emt 0:00:02]} Ra1+ {[%emt 0:
00:02]} 37. Bf1 {[%emt 0:00:01]} Kd6 {[%emt 0:00:01]} 38. Kg2 {[%emt 0:00:02]}
Nd7 {[%emt 0:00:02]} 39. Rc2 {[%emt 0:00:02]} Nb6 {[%emt 0:00:02]} 40. f4 {
[%emt 0:00:02]} Nd5 {[%emt 0:00:02]} 41. Rd2 {[%emt 0:00:03]} Kc6 {[%emt 0:00:
01]} 42. Kf3 {[%emt 0:00:02]} Rxf1+ {[%emt 0:00:02]} 43. Ke4 {[%emt 0:00:01]}
Nc3+ {[%emt 0:00:03]} 44. Kd3 {[%emt 0:00:03]} Nb5 {[%emt 0:00:04]} 45. g4 {
[%emt 0:00:09]} Rc1 {[%emt 0:00:02]} 46. g5 {[%emt 0:00:05]} c4+ {[%emt 0:00:
01]} 47. Ke4 {[%emt 0:00:02]} c3 {[%emt 0:00:00]} 48. Rg2 {[%emt 0:00:01]} Re1
{[%emt 0:00:02]} 49. f5 {[%emt 0:00:08]} Nd6+ {[%emt 0:00:01] kingloek resigns
(Lag: Av=0.99s, max=8.1s)} 0-1

[Event "Dutch Internet Championship Final"]
[Site "playchess.com #038132"]
[Date "2011.06.18"]
[Round "4.7"]
[White "Jan Smeets"]
[Black "kingloek"]
[Result "1/2-1/2"]
[WhiteElo "2816"]
[BlackElo "2863"]
[PlyCount "157"]
[EventDate "2011.06.18"]
[EventType "match (blitz)"]
[TimeControl "180+3"]

1. Nf3 {[%emt 0:00:01]} d5 {[%emt 0:00:03]} 2. g3 {[%emt 0:00:01]} Nf6 {[%emt
0:00:03]} 3. Bg2 {[%emt 0:00:01]} Bf5 {[%emt 0:00:01]} 4. O-O {[%emt 0:00:02]}
e6 {[%emt 0:00:01]} 5. d3 {[%emt 0:00:02]} h6 {[%emt 0:00:02]} 6. Nbd2 {[%emt
0:00:02]} Bh7 {[%emt 0:00:03]} 7. b3 {[%emt 0:00:01]} c5 {[%emt 0:00:02]} 8.
Bb2 {[%emt 0:00:02]} Nc6 {[%emt 0:00:01]} 9. Ne5 {[%emt 0:00:14]} Nxe5 {[%emt
0:00:05]} 10. Bxe5 {[%emt 0:00:00]} Bd6 {[%emt 0:00:00]} 11. Bxd6 {[%emt 0:00:
09]} Qxd6 {[%emt 0:00:01]} 12. c4 {[%emt 0:00:00]} O-O {[%emt 0:00:20]} 13. Nf3
{[%emt 0:00:15]} Rad8 {[%emt 0:00:12]} 14. Qd2 {[%emt 0:00:10]} e5 {[%emt 0:00:
07]} 15. cxd5 {[%emt 0:00:02]} Nxd5 {[%emt 0:00:01]} 16. Rfd1 {[%emt 0:00:09]}
f6 {[%emt 0:00:10]} 17. Qb2 {[%emt 0:00:06]} Kh8 {[%emt 0:00:13]} 18. a3 {
[%emt 0:00:05]} a5 {[%emt 0:00:02]} 19. Nd2 {[%emt 0:00:02]} b6 {[%emt 0:00:02]
} 20. Nc4 {[%emt 0:00:17]} Qe6 {[%emt 0:00:02]} 21. b4 {[%emt 0:00:32]} cxb4 {
[%emt 0:00:09]} 22. Bxd5 {[%emt 0:00:02]} Rxd5 {[%emt 0:00:02]} 23. axb4 {
[%emt 0:00:01]} Rb5 {[%emt 0:00:01]} 24. Qa3 {[%emt 0:00:33]} Rxb4 {[%emt 0:00:
17]} 25. Rab1 {[%emt 0:00:01]} Qe7 {[%emt 0:00:35]} 26. Nxb6 {[%emt 0:00:15]}
Rxb1 {[%emt 0:00:24]} 27. Qxe7 {[%emt 0:00:02]} Rxd1+ {[%emt 0:00:01]} 28. Kg2
{[%emt 0:00:00]} Rg8 {[%emt 0:00:02]} 29. Qc5 {[%emt 0:00:19]} Ra1 {[%emt 0:00:
11]} 30. Qc3 {[%emt 0:00:10]} Ra2 {[%emt 0:00:03]} 31. Kf3 {[%emt 0:00:03]} e4+
{[%emt 0:00:22]} 32. dxe4 {[%emt 0:00:04]} Re8 {[%emt 0:00:01]} 33. e5 {[%emt
0:00:25]} Rxe5 {[%emt 0:00:05]} 34. Qc8+ {[%emt 0:00:15]} Bg8 {[%emt 0:00:02]}
35. e3 {[%emt 0:00:04]} Kh7 {[%emt 0:00:10]} 36. g4 {[%emt 0:00:09]} Rd2 {
[%emt 0:00:19] '} 37. Nd7 {[%emt 0:00:05]} Red5 {[%emt 0:00:23]} 38. Nf8+ {
[%emt 0:00:02]} Kh8 {[%emt 0:00:01]} 39. Ng6+ {[%emt 0:00:03]} Kh7 {[%emt 0:00:
01]} 40. Ne7 {[%emt 0:00:07]} Rd8 {[%emt 0:00:01]} 41. Qf5+ {[%emt 0:00:01]}
Kh8 {[%emt 0:00:02]} 42. Qxa5 {[%emt 0:00:04]} Bf7 {[%emt 0:00:06]} 43. h4 {
[%emt 0:00:04]} R2d7 {[%emt 0:00:02]} 44. h5 {[%emt 0:00:03]} Re8 {[%emt 0:00:
02]} 45. Nf5 {[%emt 0:00:03]} Be6 {[%emt 0:00:03]} 46. Nh4 {[%emt 0:00:02]} Kg8
{[%emt 0:00:05]} 47. Kg3 {[%emt 0:00:01]} Red8 {[%emt 0:00:02]} 48. f3 {[%emt
0:00:05]} Re8 {[%emt 0:00:02]} 49. e4 {[%emt 0:00:01]} Rd3 {[%emt 0:00:04]} 50.
Kf4 {[%emt 0:00:03]} Bf7 {[%emt 0:00:03]} 51. Qb5 {[%emt 0:00:01]} Red8 {[%emt
0:00:02]} 52. Nf5 {[%emt 0:00:01]} Rb3 {[%emt 0:00:02]} 53. Qc6 {[%emt 0:00:06]
} Rbd3 {[%emt 0:00:05]} 54. Ne7+ {[%emt 0:00:02]} Kf8 {[%emt 0:00:02]} 55. Nf5
{[%emt 0:00:01]} Kg8 {[%emt 0:00:01]} 56. Qc5 {[%emt 0:00:01] .} R3d7 {[%emt 0:
00:03]} 57. e5 {[%emt 0:00:05]} fxe5+ {[%emt 0:00:02]} 58. Qxe5 {[%emt 0:00:01]
} Ba2 {[%emt 0:00:03]} 59. Ne7+ {[%emt 0:00:04]} Kh8 {[%emt 0:00:04]} 60. Ng6+
{[%emt 0:00:01]} Kg8 {[%emt 0:00:02]} 61. Kg3 {[%emt 0:00:03]} Bb3 {[%emt 0:00:
08]} 62. Kh4 {[%emt 0:00:01]} Ba2 {[%emt 0:00:03]} 63. f4 {[%emt 0:00:01]} Bb3
{[%emt 0:00:09]} 64. f5 {[%emt 0:00:02]} Bf7 {[%emt 0:00:02]} 65. Nf4 {[%emt 0:
00:07]} Rd4 {[%emt 0:00:02]} 66. f6 {[%emt 0:00:10]} Ra4 {[%emt 0:00:07]} 67.
Ne6 {[%emt 0:00:11]} Re8 {[%emt 0:00:02]} 68. Qb5 {[%emt 0:00:01]} Rxg4+ {
[%emt 0:00:05]} 69. Kxg4 {[%emt 0:00:02]} Bxe6+ {[%emt 0:00:02]} 70. Kh4 {
[%emt 0:00:02]} Bf7 {[%emt 0:00:01]} 71. fxg7 {[%emt 0:00:04]} Kxg7 {[%emt 0:
00:01]} 72. Qb2+ {[%emt 0:00:01]} Kg8 {[%emt 0:00:01]} 73. Qg2+ {[%emt 0:00:03]
} Kf8 {[%emt 0:00:01]} 74. Qd2 {[%emt 0:00:04]} Re6 {[%emt 0:00:02]} 75. Qf4 {
[%emt 0:00:02]} Kg7 {[%emt 0:00:02]} 76. Qg3+ {[%emt 0:00:01]} Kf8 {[%emt 0:00:
01]} 77. Qf4 {[%emt 0:00:01]} Kg7 {[%emt 0:00:01]} 78. Qg3+ {[%emt 0:00:01]}
Kf8 {[%emt 0:00:01]} 79. Qf4 {[%emt 0:00:01] (Lag: Av=0.76s, max=18.4s)}
1/2-1/2

[Event "Dutch Internet Championship Final"]
[Site "playchess.com #038132"]
[Date "2011.06.18"]
[Round "4.8"]
[White "kingloek"]
[Black "Jan Smeets"]
[Result "0-1"]
[WhiteElo "2861"]
[BlackElo "2819"]
[PlyCount "156"]
[EventDate "2011.06.18"]
[EventType "match (blitz)"]
[TimeControl "180+3"]

1. d4 {[%emt 0:00:01]} d5 {[%emt 0:00:01]} 2. c4 {[%emt 0:00:02]} c6 {[%emt 0:
00:00]} 3. Nf3 {[%emt 0:00:01]} Nf6 {[%emt 0:00:01]} 4. Nc3 {[%emt 0:00:01]} a6
{[%emt 0:00:00]} 5. a4 {[%emt 0:00:01]} dxc4 {[%emt 0:00:00]} 6. g3 {[%emt 0:
00:01]} e6 {[%emt 0:00:01]} 7. Bg5 {[%emt 0:00:02]} Nbd7 {[%emt 0:00:05]} 8.
Bg2 {[%emt 0:00:07]} Bb4 {[%emt 0:00:11]} 9. O-O {[%emt 0:00:15]} h6 {[%emt 0:
00:11]} 10. Bxf6 {[%emt 0:00:02]} Qxf6 {[%emt 0:00:07]} 11. e3 {[%emt 0:00:05]}
O-O {[%emt 0:00:22]} 12. Nd2 {[%emt 0:00:04]} e5 {[%emt 0:00:02]} 13. Nxc4 {
[%emt 0:00:05]} exd4 {[%emt 0:00:06]} 14. exd4 {[%emt 0:00:01]} Rd8 {[%emt 0:
00:19]} 15. Qb3 {[%emt 0:00:08]} a5 {[%emt 0:00:08]} 16. Rad1 {[%emt 0:00:22]}
Rb8 {[%emt 0:00:16]} 17. Ne5 {[%emt 0:00:35]} Nxe5 {[%emt 0:00:06]} 18. dxe5 {
[%emt 0:00:02]} Qe7 {[%emt 0:00:00]} 19. Rxd8+ {[%emt 0:00:09]} Qxd8 {[%emt 0:
00:00]} 20. Rd1 {[%emt 0:00:14]} Qe7 {[%emt 0:00:01]} 21. h3 {[%emt 0:00:15]}
Bf5 {[%emt 0:00:16]} 22. f4 {[%emt 0:00:13]} Rd8 {[%emt 0:00:17]} 23. Kh2 {
[%emt 0:00:04]} Rd7 {[%emt 0:00:22]} 24. Ne4 {[%emt 0:00:18]} Qd8 {[%emt 0:00:
08]} 25. Nd6 {[%emt 0:00:10]} Be6 {[%emt 0:00:35]} 26. Qd3 {[%emt 0:00:07]} g6
{[%emt 0:00:04]} 27. g4 {[%emt 0:00:14]} Qh4 {[%emt 0:00:18]} 28. Qf3 {[%emt 0:
00:21]} Bd5 {[%emt 0:00:05]} 29. Qg3 {[%emt 0:00:07]} Qxg3+ {[%emt 0:00:04]}
30. Kxg3 {[%emt 0:00:01]} Bb3 {[%emt 0:00:04]} 31. Rd4 {[%emt 0:00:18]} Bxa4 {
[%emt 0:00:05]} 32. f5 {[%emt 0:00:01]} gxf5 {[%emt 0:00:08]} 33. gxf5 {[%emt
0:00:01]} Kf8 {[%emt 0:00:06]} 34. f6 {[%emt 0:00:02]} Bc2 {[%emt 0:00:05]} 35.
Kf4 {[%emt 0:00:03]} Bg6 {[%emt 0:00:04]} 36. Be4 {[%emt 0:00:03]} Bc5 {[%emt
0:00:03]} 37. Rd2 {[%emt 0:00:04]} Bxe4 {[%emt 0:00:02]} 38. Kxe4 {[%emt 0:00:
01]} a4 {[%emt 0:00:07]} 39. Rc2 {[%emt 0:00:02]} Bxd6 {[%emt 0:00:01]} 40. Rd2
{[%emt 0:00:01]} Ke8 {[%emt 0:00:02]} 41. exd6 {[%emt 0:00:02]} Rd8 {[%emt 0:
00:00]} 42. Kd4 {[%emt 0:00:08]} Kd7 {[%emt 0:00:01]} 43. Kc5 {[%emt 0:00:02]}
Re8 {[%emt 0:00:07]} 44. Kb6 {[%emt 0:00:09] .} Re6 {[%emt 0:00:01]} 45. Rd4 {
[%emt 0:00:02]} Rxd6 {[%emt 0:00:08]} 46. Rxa4 {[%emt 0:00:01]} Rxf6 {[%emt 0:
00:01]} 47. Kxb7 {[%emt 0:00:03]} Kd6 {[%emt 0:00:02]} 48. Kb6 {[%emt 0:00:05]}
Kd5 {[%emt 0:00:03]} 49. Rh4 {[%emt 0:00:06]} Re6 {[%emt 0:00:07]} 50. Rh5+ {
[%emt 0:00:04]} Ke4 {[%emt 0:00:01]} 51. Rc5 {[%emt 0:00:03]} f5 {[%emt 0:00:
01]} 52. b4 {[%emt 0:00:01]} f4 {[%emt 0:00:00]} 53. Rc4+ {[%emt 0:00:01]} Ke3
{[%emt 0:00:01]} 54. Rc3+ {[%emt 0:00:01]} Ke2 {[%emt 0:00:01]} 55. Rc2+ {
[%emt 0:00:01]} Kf1 {[%emt 0:00:02]} 56. Rxc6 {[%emt 0:00:01]} Rxc6+ {[%emt 0:
00:02]} 57. Kxc6 {[%emt 0:00:01]} f3 {[%emt 0:00:00]} 58. b5 {[%emt 0:00:00]}
f2 {[%emt 0:00:00]} 59. b6 {[%emt 0:00:01]} Kg2 {[%emt 0:00:03]} 60. b7 {[%emt
0:00:01]} f1=Q {[%emt 0:00:01]} 61. b8=Q {[%emt 0:00:01]} Qf3+ {[%emt 0:00:01]}
62. Kc5 {[%emt 0:00:10]} Kxh3 {[%emt 0:00:07]} 63. Qc8+ {[%emt 0:00:09]} Qg4 {
[%emt 0:00:03]} 64. Qf8 {[%emt 0:00:07]} Qg5+ {[%emt 0:00:08]} 65. Kd4 {[%emt
0:00:04]} Kg2 {[%emt 0:00:06]} 66. Ke4 {[%emt 0:00:05]} Qg4+ {[%emt 0:00:04]}
67. Ke3 {[%emt 0:00:02]} Qg3+ {[%emt 0:00:06]} 68. Ke2 {[%emt 0:00:01]} Qe5+ {
[%emt 0:00:04]} 69. Kd2 {[%emt 0:00:02]} Qd4+ {[%emt 0:00:01]} 70. Ke2 {[%emt
0:00:02]} Qe4+ {[%emt 0:00:01]} 71. Kd2 {[%emt 0:00:03]} h5 {[%emt 0:00:01]}
72. Qg7+ {[%emt 0:00:06]} Kh3 {[%emt 0:00:06]} 73. Qd7+ {[%emt 0:00:03]} Kh2 {
[%emt 0:00:05]} 74. Qd6+ {[%emt 0:00:03]} Kg2 {[%emt 0:00:01]} 75. Qf6 {[%emt
0:00:08]} h4 {[%emt 0:00:05]} 76. Qg5+ {[%emt 0:00:01]} Kh2 {[%emt 0:00:02]}
77. Kd1 {[%emt 0:00:04]} Qh1+ {[%emt 0:00:02]} 78. Ke2 {[%emt 0:00:03]} Qg2+ {
[%emt 0:00:00] kingloek resigns  (Lag: Av=0.91s, max=3.4s)} 0-1